000 01895nam a2200325 i 4500
001 000002176
003 DO-SdBNP
005 20260306125138.0
007 ta
008 090701s1986 dr r 000 p spa d
040 _aDO-SdBNP
_bspa
_cBNPHU
_erda
041 _aspa
082 4 _aRD861.44
_bM632c
_222
100 1 _aMieses Burgos, Franklin,
_d1907-1976
_eautor
_4aut.
_91952
245 1 0 _aClima de eternidad :
_bobras completas /
_cFranklin Mieses Burgos.
264 1 _aSantiago de los Caballeros, República Dominicana :
_bUniversidad Católica Madre y Maestra. Departamento de Publicaciones,
_c1986.
300 _a340 páginas ;
_c23 cm.
336 _ardacontent
_btexto
_2txt
337 _ardamedia
_bsin mediación
_2n
338 _ardacarrier
_bvolumen
_2nc
490 0 _aColección Contemporáneos
504 _aBibliografía: páginas 337-340.
505 2 _aEl genio mitológico de Mieses Burgos / Antonio Fernández Spencer -- Un aspecto de la poesía de Franklin Mieses Burgos / Freddy Gatón Arce (1952) -- El sembrador de voces / Federico Henríquez Grateraux -- Franklin Mieses Burgos (1907) / Manuel Rueda (1972) -- Torres de voces (1929- 1936) -- Gaviotas enterradas (1936-1940) -- Propiedad del recuerdo (1940-1942) -- Trópico íntimo (1930-1943) -- Sin mundo va y herido por el cielo (1943-) -- Clima de eternidad (1944 ) -- 12 Sonetos y una canción a la rosa (1945-1947) -- Seis cantos para una sola muerte (1947-1948) -- Presencia de los días (1948-1950) -- Donisio vulnerado (1949-1950) -- El ángel destruido (1950-1952)-- Júbilo de ser (1952-1954) -- Al oido de Dios (1954-1960) -- El héroe
590 _aInventariado, 2018/BT
600 1 0 _aMieses Burgos, Franklin,
_d1907-1976
_xCritica e interpretación
_91952
650 4 _aPoesía dominicana
_966
650 4 _aLiteratura dominicana.
_967
910 _aValidado. Control de calidad MMOLINA
942 _2ddc
_cLBS1
999 _c2024
_d2024